| 000 | 00751nam a22002297a 4500 | ||
|---|---|---|---|
| 005 | 20170124105918.0 | ||
| 010 | _aA-946211 | ||
| 020 |
_c495.00 _a8170367603 |
||
| 035 | _aA-946211 | ||
| 037 | _bCen Lib/Ret | ||
| 040 |
_aDPL _bEN |
||
| 082 |
_a330.903 _bFRA |
||
| 100 |
_aFrank, Andre Gunder _93272 |
||
| 245 |
_aReorient : _cby Andre Gunder Frank _bglobal economy in the asian age / |
||
| 260 |
_aNew Delhi _bVistaar Publications _c1998 |
||
| 270 |
_aM-32 market,Greater kailash Part-I _bNew Delhi _e110048 |
||
| 300 |
_axv,416p. _c23cm(Hb) |
||
| 500 | _aIncludes bibliographical reference and index | ||
| 650 |
_aEconomics-Global Prospects _93273 |
||
| 650 |
_aGlobal trade Carousel _93274 |
||
| 942 |
_2ddc _cEN _h330.903 _mFRA |
||
| 999 |
_c122955 _d122955 |
||